[Event "RUS-ch Men Blitz 2019"]
[Site "Sochi"]
[Date "2019.10.17"]
[Round "3.12"]
[White "Rozum, Ivan"]
[Black "Gochelashvili, David"]
[Result "0-1"]
[WhiteElo "2599"]
[BlackElo "2403"]
[Annotator "ChessBase"]
[PlyCount "82"]
[EventDate "2019.10.17"]
[EventType "swiss"]
[EventCountry "RUS"]
[SourceTitle "playchess.com"]
[Source "ChessBase"]
[SourceQuality "1"]
[TimeControl "180+2"]

1. c4 {[%emt 0:00:00]} g6 {[%emt 0:00:00]} 2. g3 {[%emt 0:00:02]} Bg7 {[%emt 0:00:02]} 3. Bg2 {[%emt 0:00:00]} Nf6 {[%emt 0:00:02]} 4. Nc3 {[%emt 0:00:02]} e5 {[%emt 0:00:02]} 5. Nf3 {[%emt 0:00:03]} d6 {[%emt 0:00:07]} 6. d4 {[%emt 0:00:02]} Nbd7 {[%emt 0:00:07]} 7. O-O {[%emt 0:00:02]} O-O {[%emt 0:00:01]} 8. e4 {[%emt 0:00:01]} c6 {[%emt 0:00:08]} 9. Re1 {[%emt 0:00:01]} exd4 {[%emt 0:00:16]} 10. Nxd4 {[%emt 0:00:01]} Qb6 {[%emt 0:00:02]} 11. Re2 {[%emt 0:00:16]} Ng4 {[%emt 0:00:20]} 12. Rd2 {[%emt 0:00:06]} Nc5 {[%emt 0:00:13]} 13. h3 {[%emt 0:00:21]} Ne5 {[%emt 0:00:03]} 14. b3 {[%emt 0:00:01]} f5 {[%emt 0:00:07]} 15. exf5 {[%emt 0:00:03]} gxf5 {[%emt 0:00:01]} 16. Nce2 {[%emt 0:00:51]} Ne4 {[%emt 0:00:22]} 17. Rc2 {[%emt 0:00:01]} Bd7 {[%emt 0:00:19]} 18. Bb2 {[%emt 0:00:24]} Ng6 {[%emt 0:00:11]} 19. Qf1 {[%emt 0:00:42]} Rae8 {[%emt 0:00:02]} 20. f4 {[%emt 0:00:18]} Nxg3 {[%emt 0:00:06]} 21. Nxg3 {[%emt 0:00:05]} Bxd4+ {[%emt 0:00:01]} 22. Kh1 {[%emt 0:00:02]} Bxb2 {[%emt 0:00:04]} 23. Rxb2 {[%emt 0:00:03]} Qd4 {[%emt 0:00:48]} 24. Rf2 {[%emt 0:00:01]} Nh4 {[%emt 0:00:02]} 25. Rd1 {[%emt 0:00:03]} Qf6 {[%emt 0:00:01]} 26. Rfd2 {[%emt 0:00:03]} Re6 {[%emt 0:00:01]} 27. Qf2 {[%emt 0:00:04]} Qh6 {[%emt 0:00:05]} 28. Bf1 {[%emt 0:00:08]} c5 {[%emt 0:00:02]} 29. Kh2 {[%emt 0:00:02]} Bc6 {[%emt 0:00:01]} 30. Rd3 {[%emt 0:00:02]} Rfe8 {[%emt 0:00:02]} 31. Qd2 {[%emt 0:00:05]} Nf3+ {[%emt 0:00:05]} 32. Rxf3 {[%emt 0:00:00]} Bxf3 {[%emt 0:00:01]} 33. Nxf5 {[%emt 0:00:04]} Qf6 {[%emt 0:00:10]} 34. Nxd6 {[%emt 0:00:03]} Re2+ {[%emt 0:00:02]} 35. Bxe2 {[%emt 0:00:02]} Rxe2+ {[%emt 0:00:01]} 36. Kg3 {[%emt 0:00:03]} Qg6+ {[%emt 0:00:09]} 37. Kh4 {[%emt 0:00:03]} Rxd2 {[%emt 0:00:01]} 38. Rxd2 {[%emt 0:00:00]} Kh8 {[%emt 0:00:05]} 39. Nb5 {[%emt 0:00:08]} a6 {[%emt 0:00:02]} 40. Nc3 {[%emt 0:00:02]} Qf6+ {[%emt 0:00:02]} 41. Kg3 {[%emt 0:00:02]} Qxc3 {[%emt 0:00:02]} 0-1

[Event "RUS-ch Men Blitz 2019"]
[Site "Sochi"]
[Date "2019.10.17"]
[Round "3.13"]
[White "Nechaev, Oleg"]
[Black "Sakaev, Konstantin"]
[Result "0-1"]
[WhiteElo "2371"]
[BlackElo "2595"]
[Annotator "ChessBase"]
[PlyCount "55"]
[EventDate "2019.10.17"]
[EventType "swiss"]
[EventCountry "RUS"]
[SourceTitle "playchess.com"]
[Source "ChessBase"]
[SourceQuality "1"]
[TimeControl "180+2"]

1. d4 {[%emt 0:00:00]} Nf6 {[%emt 0:00:00]} 2. Bg5 {[%emt 0:00:02]} d5 {[%emt 0:00:03]} 3. e3 {[%emt 0:00:02]} c5 {[%emt 0:00:03]} 4. c3 {[%emt 0:00:03]} Qb6 {[%emt 0:00:10]} 5. Qc2 {[%emt 0:00:14]} Ne4 {[%emt 0:00:14]} 6. Bf4 {[%emt 0:00:01]} Bf5 {[%emt 0:00:04]} 7. Qb3 {[%emt 0:00:31]} c4 {[%emt 0:00:22]} 8. Qxb6 {[%emt 0:00:02]} axb6 {[%emt 0:00:01]} 9. f3 {[%emt 0:00:12]} Nf6 {[%emt 0:00:01]} 10. e4 {[%emt 0:00:05]} dxe4 {[%emt 0:00:16]} 11. Bxc4 {[%emt 0:00:02]} Nc6 {[%emt 0:00:02]} 12. Nd2 {[%emt 0:00:06]} e6 {[%emt 0:00:07]} 13. fxe4 {[%emt 0:00:11]} Nxe4 {[%emt 0:00:01]} 14. Ngf3 {[%emt 0:00:01]} Bd6 {[%emt 0:00:06]} 15. Bxd6 {[%emt 0:00:12]} Nxd6 {[%emt 0:00:01]} 16. Be2 {[%emt 0:00:03]} b5 {[%emt 0:00:06]} 17. O-O {[%emt 0:00:06]} b4 {[%emt 0:00:01]} 18. c4 {[%emt 0:00:05]} O-O {[%emt 0:00:16]} 19. Nb3 {[%emt 0:00:53]} Rfd8 {[%emt 0:00:03]} 20. a3 {[%emt 0:00:29]} Bc2 {[%emt 0:00:06]} 21. Nc5 {[%emt 0:00:08]} b6 {[%emt 0:00:09]} 22. Nd3 {[%emt 0:00:01]} bxa3 {[%emt 0:00:15]} 23. Rxa3 {[%emt 0:00:02]} Rxa3 {[%emt 0:00:03]} 24. bxa3 {[%emt 0:00:01]} Nxc4 {[%emt 0:00:02]} 25. Rc1 {[%emt 0:00:06]} Nxa3 {[%emt 0:00:04]} 26. Nde5 {[%emt 0:00:03]} Nxe5 {[%emt 0:00:10]} 27. Nxe5 {[%emt 0:00:10]} f6 {[%emt 0:00:07]} 28. Nc4 {[%emt 0:00:05]} 0-1

[Event "RUS-ch Men Blitz 2019"]
[Site "Sochi"]
[Date "2019.10.17"]
[Round "3.14"]
[White "Jary, Sergey"]
[Black "Antipov, Mikhail Al."]
[Result "0-1"]
[WhiteElo "2275"]
[BlackElo "2567"]
[Annotator "ChessBase"]
[PlyCount "80"]
[EventDate "2019.10.17"]
[EventType "swiss"]
[EventCountry "RUS"]
[SourceTitle "playchess.com"]
[Source "ChessBase"]
[SourceQuality "1"]
[TimeControl "180+2"]

1. Nf3 {[%emt 0:00:00]} c5 {[%emt 0:00:00]} 2. g3 {[%emt 0:00:00]} g6 {[%emt 0:00:01]} 3. h4 {[%emt 0:00:01]} h5 {[%emt 0:00:19]} 4. Bg2 {[%emt 0:00:02]} Bg7 {[%emt 0:00:01]} 5. c4 {[%emt 0:00:01]} Nc6 {[%emt 0:00:05]} 6. Nc3 {[%emt 0:00:01]} Nh6 {[%emt 0:00:02]} 7. d3 {[%emt 0:00:01]} Nf5 {[%emt 0:00:02]} 8. a3 {[%emt 0:00:06]} d6 {[%emt 0:00:08]} 9. Bd2 {[%emt 0:00:03]} Bd7 {[%emt 0:00:17]} 10. Rb1 {[%emt 0:00:01]} a5 {[%emt 0:00:03]} 11. a4 {[%emt 0:00:14]} O-O {[%emt 0:00:17]} 12. Nb5 {[%emt 0:00:04]} Nb4 {[%emt 0:00:10]} 13. Bc3 {[%emt 0:00:05]} e5 {[%emt 0:00:01]} 14. O-O {[%emt 0:00:05]} Bc6 {[%emt 0:00:04]} 15. e4 {[%emt 0:00:11]} Nd4 {[%emt 0:00:10]} 16. Nbxd4 {[%emt 0:00:12]} cxd4 {[%emt 0:00:07]} 17. Bxb4 {[%emt 0:00:01]} axb4 {[%emt 0:00:01]} 18. b3 {[%emt 0:00:04]} Bh6 {[%emt 0:00:06]} 19. Bh3 {[%emt 0:00:24]} f5 {[%emt 0:00:11]} 20. Re1 {[%emt 0:00:15]} fxe4 {[%emt 0:00:01]} 21. dxe4 {[%emt 0:00:01]} Qf6 {[%emt 0:00:12]} 22. Bg2 {[%emt 0:00:02]} Bd7 {[%emt 0:00:02]} 23. Qc2 {[%emt 0:00:28]} Rf7 {[%emt 0:00:14]} 24. Rf1 {[%emt 0:00:10]} Raf8 {[%emt 0:00:07]} 25. Qd3 {[%emt 0:00:08]} Qe6 {[%emt 0:00:19]} 26. Rb2 {[%emt 0:00:10]} Rf6 {[%emt 0:00:12]} 27. Rc2 {[%emt 0:00:05]} b6 {[%emt 0:00:03]} 28. Ne1 {[%emt 0:00:19]} g5 {[%emt 0:00:02]} 29. hxg5 {[%emt 0:00:08]} Bxg5 {[%emt 0:00:01]} 30. Nf3 {[%emt 0:00:02]} Rg6 {[%emt 0:00:09]} 31. Nxg5 {[%emt 0:00:10]} Rxg5 {[%emt 0:00:01]} 32. f4 {[%emt 0:00:02]} Rg7 {[%emt 0:00:10]} 33. f5 {[%emt 0:00:02]} Qh6 {[%emt 0:00:02]} 34. Rf3 {[%emt 0:00:06]} Kf7 {[%emt 0:00:10]} 35. Qd2 {[%emt 0:00:04]} Qxd2 {[%emt 0:00:05]} 36. Rxd2 {[%emt 0:00:00]} Rfg8 {[%emt 0:00:01]} 37. Rdd3 {[%emt 0:00:02]} Bc6 {[%emt 0:00:03]} 38. Rf2 {[%emt 0:00:08]} Rxg3 {[%emt 0:00:02]} 39. Rxg3 {[%emt 0:00:03]} Rxg3 {[%emt 0:00:01]} 40. Rf3 {[%emt 0:00:04]} Rxg2+ {[%emt 0:00:03]} 0-1

[Event "RUS-ch Men Blitz 2019"]
[Site "Sochi"]
[Date "2019.10.17"]
[Round "3.15"]
[White "Triapishko, Alexandr"]
[Black "Mikhailovsky, Vladimir"]
[Result "1-0"]
[WhiteElo "2514"]
[BlackElo "2209"]
[Annotator "ChessBase"]
[PlyCount "81"]
[EventDate "2019.10.17"]
[EventType "swiss"]
[EventCountry "RUS"]
[SourceTitle "playchess.com"]
[Source "ChessBase"]
[SourceQuality "1"]
[TimeControl "180+2"]

1. Nf3 {[%emt 0:00:00]} d5 {[%emt 0:00:00]} 2. g3 {[%emt 0:00:01]} Nc6 {[%emt 0:00:00]} 3. d4 {[%emt 0:00:06]} Bg4 {[%emt 0:00:03]} 4. Bg2 {[%emt 0:00:05]} e6 {[%emt 0:00:02]} 5. c4 {[%emt 0:00:09]} Bb4+ {[%emt 0:00:02]} 6. Bd2 {[%emt 0:00:09]} Bxd2+ {[%emt 0:00:13]} 7. Nbxd2 {[%emt 0:00:09]} Nge7 {[%emt 0:00:04]} 8. O-O {[%emt 0:00:07]} dxc4 {[%emt 0:00:18]} 9. Qa4 {[%emt 0:00:18]} O-O {[%emt 0:00:13]} 10. Qxc4 {[%emt 0:00:02]} Bxf3 {[%emt 0:00:16]} 11. Nxf3 {[%emt 0:00:02]} Qd6 {[%emt 0:00:02]} 12. e3 {[%emt 0:00:08]} Rad8 {[%emt 0:00:18]} 13. Rac1 {[%emt 0:00:02]} h6 {[%emt 0:00:20]} 14. Qc5 {[%emt 0:00:05]} b6 {[%emt 0:00:23]} 15. Qc3 {[%emt 0:00:14]} Rd7 {[%emt 0:00:04]} 16. a3 {[%emt 0:00:13]} a5 {[%emt 0:00:13]} 17. Nd2 {[%emt 0:00:05]} Nd8 {[%emt 0:00:39]} 18. Nc4 {[%emt 0:00:32]} Nd5 {[%emt 0:00:01]} 19. Qc2 {[%emt 0:00:05]} Qe7 {[%emt 0:00:02]} 20. Ne5 {[%emt 0:00:01]} Rd6 {[%emt 0:00:04]} 21. Bxd5 {[%emt 0:00:02]} Rxd5 {[%emt 0:00:09]} 22. Qxc7 {[%emt 0:00:03]} Qxc7 {[%emt 0:00:07]} 23. Rxc7 {[%emt 0:00:01]} Rb5 {[%emt 0:00:01]} 24. Nd3 {[%emt 0:00:26]} f6 {[%emt 0:00:05]} 25. a4 {[%emt 0:00:15]} Rb3 {[%emt 0:00:05]} 26. Rc3 {[%emt 0:00:01]} Rxc3 {[%emt 0:00:01]} 27. bxc3 {[%emt 0:00:01]} Nb7 {[%emt 0:00:00]} 28. Rb1 {[%emt 0:00:04]} Nd6 {[%emt 0:00:04]} 29. Rxb6 {[%emt 0:00:02]} Ne4 {[%emt 0:00:01]} 30. c4 {[%emt 0:00:04]} e5 {[%emt 0:00:01]} 31. c5 {[%emt 0:00:10]} exd4 {[%emt 0:00:02]} 32. exd4 {[%emt 0:00:00]} Rd8 {[%emt 0:00:03]} 33. c6 {[%emt 0:00:11]} Kh7 {[%emt 0:00:00]} 34. c7 {[%emt 0:00:05]} Rc8 {[%emt 0:00:02]} 35. Rc6 {[%emt 0:00:01]} f5 {[%emt 0:00:07]} 36. d5 {[%emt 0:00:01]} Nf6 {[%emt 0:00:01]} 37. d6 {[%emt 0:00:01]} Kg8 {[%emt 0:00:02]} 38. Nc5 {[%emt 0:00:01]} Kf7 {[%emt 0:00:02]} 39. d7 {[%emt 0:00:01]} Nxd7 {[%emt 0:00:01]} 40. Nxd7 {[%emt 0:00:01]} Ke7 {[%emt 0:00:02]} 41. Nb6 {[%emt 0:00:01]} 1-0

[Event "RUS-ch Men Blitz 2019"]
[Site "Sochi"]
[Date "2019.10.20"]
[Round "3.16"]
[White "Remizov, Yaroslav"]
[Black "Ozgibcev, Anatoly"]
[Result "1-0"]
[WhiteElo "2394"]
[BlackElo "2367"]
[Annotator "NA"]
[PlyCount "51"]
[EventDate "2019.10.17"]
[EventType "swiss"]
[EventCountry "RUS"]
[SourceTitle "playchess.com"]
[Source "ChessBase"]
[SourceQuality "1"]
[TimeControl "180+2"]

1. e4 {[%emt 0:00:00]} d5 {[%emt 0:00:00]} 2. exd5 {[%emt 0:00:04]} Nf6 {[%emt 0:00:00]} 3. Nf3 {[%emt 0:00:02]} Qxd5 {[%emt 0:00:03]} 4. Nc3 {[%emt 0:00:02]} Qd6 {[%emt 0:00:01]} 5. d4 {[%emt 0:00:03]} a6 {[%emt 0:00:02]} 6. g3 {[%emt 0:00:02]} Bg4 {[%emt 0:00:02]} 7. Bg2 {[%emt 0:00:03]} Nc6 {[%emt 0:00:02]} 8. O-O {[%emt 0:00:14]} O-O-O {[%emt 0:00:02]} 9. h3 {[%emt 0:00:51]} Bh5 {[%emt 0:00:04]} 10. g4 {[%emt 0:00:33]} Bg6 {[%emt 0:00:02]} 11. Be3 {[%emt 0:00:02]} e6 {[%emt 0:00:07]} 12. Qe2 {[%emt 0:00:07]} Be7 {[%emt 0:00:21]} 13. Rfd1 {[%emt 0:00:02]} Nd5 {[%emt 0:00:03]} 14. Nxd5 {[%emt 0:00:05]} exd5 {[%emt 0:00:02]} 15. c4 {[%emt 0:00:17]} Be4 {[%emt 0:00:08]} 16. c5 {[%emt 0:00:24]} Qd7 {[%emt 0:00:02]} 17. b4 {[%emt 0:00:08]} h5 {[%emt 0:00:27]} 18. b5 {[%emt 0:00:18]} axb5 {[%emt 0:00:12]} 19. Qxb5 {[%emt 0:00:01]} Nb8 {[%emt 0:00:07]} 20. Qb3 {[%emt 0:00:08]} Nc6 {[%emt 0:00:07]} 21. Rab1 {[%emt 0:00:05]} Rde8 {[%emt 0:00:38]} 22. Qxb7+ Kd8 23. Qa8+ {[%emt 0:00:06]} Qc8 {[%emt 0:00:05]} 24. Qxc6 {[%emt 0:00:00]} hxg4 {[%emt 0:00:03]} 25. Ne5 {[%emt 0:00:03]} Ref8 {[%emt 0:00:20]} 26. Rb8 {[%emt 0:00:01]} 1-0

[Event "RUS-ch Men Blitz 2019"]
[Site "Sochi"]
[Date "2019.10.17"]
[Round "3.16"]
[White "Zakaryan, David"]
[Black "Popov, Valerij"]
[Result "1/2-1/2"]
[WhiteElo "2338"]
[BlackElo "2535"]
[Annotator "TA"]
[PlyCount "167"]
[EventDate "2019.10.17"]
[EventType "swiss"]
[EventCountry "RUS"]
[SourceTitle "playchess.com"]
[Source "ChessBase"]
[SourceQuality "1"]

{[%evp 9,167,16,26,37,36,6,53,20,59,44,56,22,34,22,36,31,18,28,54,38,37,22,64,0,46,45,52,0,0,0,0,0,0,0,24,11,22,17,545,60,52,51,51,51,56,30,35,62,111,100,155,162,135,0,0,0,27,27,41,27,82,0,0,0,0,0,98,0,175,175,267,27,27,27,175,27,27,27,27,27,27,27,27,27,27,0,27,27,27,0,27,0,27,27,27,27,27,27,27,27,27,27,27,0,0,0,27,27,27,27,27,27,27,27,27,27,27,27,27,27,27,27,27,27,27,27,27,27,27,27,27,27,27,27,27,27,27,27,27,27,27,0,27,27,27,27,27,0,27,0,0,0,0,0,0,0,0,0,0,0]} 1. d4 d5 2. c4 e6 3. Nc3 Bb4 4. e3 c5 5. Nf3 (5. cxd5 exd5 6. dxc5 Nc6 7. Bd3 Nf6 8. Nf3 O-O 9. O-O Bxc5 10. h3 Qe7 11. b3 Rd8 12. Bb2 d4 13. exd4 Nxd4 14. Re1 Be6 15. Ne4 Nxe4 16. Rxe4 Nxf3+ 17. Qxf3 Ba3 18. Be5 {0-1 (31) Goganov,A (2627)-Alekseev,E (2636) St Petersburg 2016}) 5... Nc6 6. cxd5 {D31: Queen's Gambit Declined: Semi-Slav without ...Nf6 (+ Marshall Gambit and Noteboom) and Exchange Variation lines without ...Nf6} exd5 7. Be2 Nge7 $146 ({Predecessor:} 7... Nf6 8. O-O Bf5 9. dxc5 Bxc3 10. bxc3 Ne4 11. Bb2 O-O 12. Nd4 Bg6 13. Nb3 {1-0 (87) Gasparyan,M (1369)-Cherepanova,E (1629) Mamaia 2017}) 8. O-O {White is slightly better.} O-O 9. dxc5 Bxc5 10. Na4 Bd6 11. b3 a6 12. Bb2 b5 13. Nc3 Be6 14. h3 Rc8 15. Rc1 Qa5 16. Nd4 (16. Bd3 $14) 16... Ba3 17. Bxa3 Qxa3 18. Qd2 (18. Nxe6 $14 fxe6 19. Bg4) 18... Nxd4 $11 19. exd4 Qa5 20. Bg4 Bxg4 21. hxg4 Rc6 22. Rfe1 Rc7 23. Rc2 Rfc8 $2 {[%mdl 8192] [#]} (23... Rd8 $11 {and Black stays safe.}) 24. Nxd5 $2 ({White must play} 24. Rxe7 $1 $18 {[%mdl 512]} Kf8 (24... Rxe7 25. Nxd5) 25. Rxc7 Qxc7 26. Rc1) 24... Qxd2 $14 25. Nxe7+ {[#]} Kf8 $1 26. Rxd2 Rxe7 {[%mdl 4096] Endgame KRR-KRR} 27. Re5 Rc1+ 28. Kh2 Rd7 29. g5 g6 ({Black should try} 29... Rd6) 30. Kg3 $16 Kg7 31. a4 (31. d5 $16) 31... bxa4 $11 32. bxa4 Rc3+ 33. f3 Rc4 34. Ra5 Rd6 (34... Rcxd4 $11 35. Rxd4 Rxd4) 35. Kf2 ({Better is} 35. d5 $16) 35... Rcxd4 36. Rxd4 Rxd4 37. Rxa6 {KR-KR} (37. Ke3 $11 Rd6 38. Rc5) 37... Rd5 $1 $16 {[#]} 38. f4 (38. Rb6 $1 $16) 38... Rd2+ $2 (38... h6 $11 {and Black has nothing to worry.}) 39. Kf3 $18 Ra2 (39... Rd3+ {was called for.} 40. Ke2 Ra3) 40. Ra7 $2 (40. a5 $18) 40... Ra3+ $11 41. Kg4 {Hoping for Kh4.} h5+ {[#]} (41... h6 $1 $11) 42. gxh6+ (42. Kh4 $1 $18) 42... Kxh6 43. Rxf7 Rxa4 44. g3 Ra1 45. Rf6 Kg7 46. Rb6 Ra3 47. Kh4 Kf7 48. g4 {And now Kg5 would win.} Ra5 49. Rc6 Kg7 (49... g5+ $5 50. fxg5 Ra2 $14) 50. Re6 Rb5 (50... g5+ $5 51. fxg5 Ra1 $14) 51. Re5 Rb7 52. Kg5 Rd7 53. Rc5 Rb7 54. Ra5 Rc7 55. Rb5 Ra7 56. Rb4 Ra5+ 57. Kh4 Rc5 (57... g5+ $5 58. fxg5 Ra1 $14) 58. Kg3 Rc3+ 59. Kf2 Kf6 60. Re4 Ra3 61. Re3 Ra1 62. Kf3 Rg1 63. Ra3 Kf7 64. Ra6 Kg7 65. Ra5 Kf6 66. Rg5 Rf1+ 67. Kg3 Rg1+ 68. Kf2 Ra1 69. Rd5 Rb1 70. Rd6+ Kf7 71. Ke3 Rg1 72. g5 Ra1 73. Ke4 Re1+ 74. Kf3 Rf1+ 75. Ke3 Re1+ 76. Kf2 Ra1 77. Rf6+ Kg7 78. Rd6 Kf7 79. Rd7+ Ke6 {The position is equal.} 80. Rg7 Kf5 81. Rf7+ Ke4 82. Rf6 Rb1 83. Ke2 Ra1 84. Rxg6 {Accuracy: White = 43%, Black = 54%.} 1/2-1/2

[Event "RUS-ch Men Blitz 2019"]
[Site "Sochi"]
[Date "2019.10.17"]
[Round "3.17"]
[White "Shcherbin, Matvei"]
[Black "Khegay, Dmitriy"]
[Result "1/2-1/2"]
[WhiteElo "2366"]
[BlackElo "2509"]
[Annotator "RC"]
[PlyCount "176"]
[EventDate "2019.10.17"]
[EventType "swiss"]
[EventCountry "RUS"]
[SourceTitle "playchess.com"]
[Source "ChessBase"]
[SourceQuality "1"]
[TimeControl "180+2"]

1. e4 {[%emt 0:00:00]} g6 {[%emt 0:00:03]} 2. d4 {[%emt 0:00:00]} Bg7 {[%emt 0:00:01]} 3. Nc3 {[%emt 0:00:01]} d6 {[%emt 0:00:00]} 4. Bg5 {[%emt 0:00:01]} a6 {[%emt 0:00:02]} 5. f4 {[%emt 0:00:01]} b5 {[%emt 0:00:02]} 6. Nf3 {[%emt 0:00:01]} Bb7 {[%emt 0:00:01]} 7. Qd2 {[%emt 0:00:08]} Nf6 {[%emt 0:00:12]} 8. e5 {[%emt 0:00:13]} Ne4 {[%emt 0:00:09]} 9. Nxe4 Bxe4 10. Bd3 {[%emt 0:00:15]} Bxd3 {[%emt 0:00:45]} 11. Qxd3 {[%emt 0:00:01]} O-O {[%emt 0:00:02]} 12. O-O-O Qd7 13. d5 {[%emt 0:00:32]} dxe5 {[%emt 0:01:27]} 14. fxe5 {[%emt 0:00:04]} c5 {[%emt 0:00:01]} 15. Rhe1 {[%emt 0:00:08]} e6 {[%emt 0:00:04]} 16. Kb1 {[%emt 0:00:41]} c4 {[%emt 0:00:11]} 17. Qe4 {[%emt 0:00:01]} exd5 {[%emt 0:00:03]} 18. Rxd5 {[%emt 0:00:01]} Qb7 {[%emt 0:00:01]} 19. Rd6 {[%emt 0:00:04]} Qxe4 {[%emt 0:00:07]} 20. Rxe4 {[%emt 0:00:00]} Re8 {[%emt 0:00:07]} 21. Re1 {[%emt 0:00:10]} Bf8 {[%emt 0:00:02]} 22. Rd5 {[%emt 0:00:16]} Nc6 {[%emt 0:00:01]} 23. Bf6 {[%emt 0:00:09]} Be7 {[%emt 0:00:12]} 24. g4 {[%emt 0:00:26]} Bf8 {[%emt 0:00:06]} 25. g5 {[%emt 0:00:05]} Re6 {[%emt 0:00:02]} 26. Red1 {[%emt 0:00:02]} Rae8 {[%emt 0:00:01]} 27. Nd4 {[%emt 0:00:10]} Nxd4 {[%emt 0:00:02]} 28. R5xd4 {[%emt 0:00:01]} h6 {[%emt 0:00:02]} 29. h4 {[%emt 0:00:01]} Bc5 {[%emt 0:00:05]} 30. Rd8 {[%emt 0:00:02]} h5 {[%emt 0:00:03]} 31. Rxe8+ {[%emt 0:00:05]} Rxe8 {[%emt 0:00:01]} 32. Rd7 {[%emt 0:00:18]} Bf2 {[%emt 0:00:01]} 33. e6 {[%emt 0:00:00]} fxe6 {[%emt 0:00:05]} 34. Rg7+ {[%emt 0:00:02]} Kf8 {[%emt 0:00:00]} 35. Rxg6 {[%emt 0:00:01]} Bxh4 {[%emt 0:00:03]} 36. Rh6 {[%emt 0:00:02]} Kf7 {[%emt 0:00:02]} 37. Rxh5 {[%emt 0:00:01]} Bg3 {[%emt 0:00:03]} 38. Kc1 {[%emt 0:00:05]} Kg6 {[%emt 0:00:00]} 39. Rh6+ {[%emt 0:00:04]} Kf5 {[%emt 0:00:01]} 40. Kd1 {[%emt 0:00:03]} Bf4 {[%emt 0:00:02]} 41. Rh5 {[%emt 0:00:04]} Rg8 {[%emt 0:00:00]} 42. Ke2 {[%emt 0:00:02]} Bxg5 {[%emt 0:00:01]} 43. Bxg5 Rxg5 {[%emt 0:00:01]} 44. Rh2 {[%emt 0:00:02]} Ke4 {[%emt 0:00:00]} 45. c3 {[%emt 0:00:00]} Rg4 {[%emt 0:00:00]} 46. Rf2 {[%emt 0:00:01]} e5 47. Rg2 {[%emt 0:00:01]} Rh4 {[%emt 0:00:03]} 48. Rf2 {[%emt 0:00:00] Kf4 Rf3+ Kg4 Rf2} Rh3 {[%emt 0:00:00]} 49. Rg2 {[%emt 0:00:00]} Kf4 {[%emt 0:00:01]} 50. Rf2+ {[%emt 0:00:04]} Ke4 {[%emt 0:00:00]} 51. Rg2 {[%emt 0:00:01]} Re3+ {[%emt 0:00:01]} 52. Kd2 {[%emt 0:00:01]} Rf3 {[%emt 0:00:01]} 53. Ke2 {[%emt 0:00:07]} Rf4 {[%emt 0:00:02]} 54. Rg6 {[%emt 0:00:02]} Rh4 {[%emt 0:00:02]} 55. Rg2 {[%emt 0:00:03]} a5 {[%emt 0:00:00]} 56. a3 {[%emt 0:00:01]} b4 {[%emt 0:00:03]} 57. axb4 {[%emt 0:00:02]} axb4 {[%emt 0:00:01]} 58. cxb4 Rh3 {[%emt 0:00:01]} 59. Rg4+ {[%emt 0:00:07]} Kd5 {[%emt 0:00:00]} 60. Kd2 {[%emt 0:00:01]} Rb3 {[%emt 0:00:10]} 61. Kc2 {[%emt 0:00:00]} Rxb4 {[%emt 0:00:00]} 62. Rh4 {[%emt 0:00:03]} Rb3 {[%emt 0:00:03]} 63. Rg4 {[%emt 0:00:02]} Rh3 {[%emt 0:00:01]} 64. Kd2 {[%emt 0:00:02]} e4 {[%emt 0:00:02]} 65. Rg8 {[%emt 0:00:04]} Rh2+ {[%emt 0:00:07]} 66. Kc3 {[%emt 0:00:01]} Rh3+ {[%emt 0:00:04]} 67. Kd2 {[%emt 0:00:00]} Rd3+ {[%emt 0:00:03]} 68. Kc2 {[%emt 0:00:01]} Kd4 {[%emt 0:00:01]} 69. Rd8+ {[%emt 0:00:05]} Ke3 {[%emt 0:00:09]} 70. Rc8 {[%emt 0:00:01]} Rd2+ {[%emt 0:00:01]} 71. Kc3 {[%emt 0:00:01]} Rd1 {[%emt 0:00:02]} 72. Kc2 {[%emt 0:00:03]} Rd2+ {[%emt 0:00:08]} 73. Kc3 {[%emt 0:00:01]} Rd1 {[%emt 0:00:01]} 74. Kc2 {[%emt 0:00:00]} Rd4 {[%emt 0:00:01]} 75. Kc3 {[%emt 0:00:01]} Rd1 {[%emt 0:00:01]} 76. Kc2 {[%emt 0:00:02]} Rd7 {[%emt 0:00:02]} 77. Rxc4 Kf3 {[%emt 0:00:00]} 78. Rc8 {[%emt 0:00:07]} e3 {[%emt 0:00:01]} 79. Rf8+ {[%emt 0:00:02]} Kg2 {[%emt 0:00:03]} 80. Rg8+ {[%emt 0:00:04]} Kf2 {[%emt 0:00:02]} 81. Rf8+ {[%emt 0:00:00]} Ke1 {[%emt 0:00:01]} 82. b4 {[%emt 0:00:01]} e2 {[%emt 0:00:02]} 83. Re8 {[%emt 0:00:05]} Rd5 {[%emt 0:00:05]} 84. Kc3 {[%emt 0:00:04]} Kd1 {[%emt 0:00:02]} 85. Kc4 {[%emt 0:00:01]} Rd2 {[%emt 0:00:04]} 86. b5 {[%emt 0:00:03]} Rc2+ {[%emt 0:00:02]} 87. Kd5 {[%emt 0:00:01]} Rb2 {[%emt 0:00:03]} 88. Kc6 {[%emt 0:00:01]} Rc2+ {[%emt 0:00:01]} 1/2-1/2